| 000 | 01015 a2200229 4500 | ||
|---|---|---|---|
| 020 | _a013490558X | ||
| 020 | _a9780134905587 | ||
| 082 | 0 | 4 | _a005.42 |
| 090 |
_c3979 _d3979 |
||
| 100 | 1 | _aClarke, David L. | |
| 245 | 1 | 0 |
_aSystems software programming : _bthe way things work / _cDavid L. Clarke. |
| 260 |
_a[S.l.] : _bPrentice Hall, _c1997. |
||
| 300 |
_a480 p. ; _c24 cm. |
||
| 490 | 1 | _aBk/cd-rom. | |
| 500 | _aPaperback. | ||
| 520 | _aThis text is designed to give programmers, systems designers, and software engineers an overview of the system software level, from basic to advanced concepts. Coverage of machine language is followed by assembly language, compiler construction, operating system principles and concurrency. | ||
| 700 | 1 | _aMerusi, Donald. | |
| 830 | 0 | _aBk/cd-rom. | |
| 856 | 4 | 0 |
_3Amazon.com _uhttp://www.amazon.com/exec/obidos/ASIN/013490558X/chopaconline-20 |
| 856 | 4 | 0 |
_3Amazon customer reviews _uhttp://www.chopac.org/cgi-bin/tools/azrev.pl?q=013490558X |
| 942 |
_aNBS _cBK _k005.42 CLA |
||
| 999 |
_c346439 _d346439 |
||